[Event "40th Annual World Open"]
[Site "Philadelphia USA"]
[Date "2012.07.03"]
[Round "2"]
[White "Sokolov, Ivan"]
[Black "Lenderman, Aleksandr"]
[Result "1-0"]
[WhiteTitle "GM"]
[BlackTitle "GM"]
[WhiteElo "2676"]
[BlackElo "2613"]
[WhiteFideId "14400030"]
[BlackFideId "2021285"]
[EventDate "2012.07.03"]
[EventType "swiss"]

1. d4 Nf6 2. c4 e6 3. Nc3 Bb4 4. e3 b6 5. Ne2 c5 6. a3 Ba5 7. Bd2 O-O 8. Ng3 d5
9. cxd5 exd5 10. Be2 cxd4 11. exd4 Bxc3 12. Bxc3 Ba6 13. Bxa6 Nxa6 14. O-O Qd7
15. Re1 Rfe8 16. Qd3 Nc7 17. Re5 Ng4 18. Rxe8+ Rxe8 19. a4 Nf6 20. f3 g6 21. Bd2
Ne6 22. Ne2 Kg7 23. b3 Ng8 24. Qb5 Nf6 25. Qxd7 Nxd7 26. Rc1 f6 27. Kf2 Kf7 28.
Be3 Ndf8 29. Rc6 Ke7 30. b4 Kd7 31. b5 Rc8 32. Rxc8 Kxc8 33. Bh6 Kd7 34. g4 Ke8
35. Ke3 Kf7 36. Nc3 Nc7 37. Bf4 Nfe6 38. Bg3 Ke8 39. Na2 a5 40. Nc3 Kd7 41. h4
Ke7 42. Kd2 Kd7 43. Kd3 Ke7 44. Nd1 g5 45. Ke3 Kd7 46. Nc3 Ke7 47. hxg5 fxg5 48.
Be5 Kd7 49. Ne2 Ne8 50. f4 h6 51. f5 N6c7 52. Nc3 Ke7 53. Kd3 Kf7 54. Nd1 Kf8
55. Ne3 Kf7 56. f6 Ke6 57. Nf5 Na8 58. Ne7 Nxf6 59. Bxf6 Kxf6 60. Nxd5+ Ke6 61.
Ke4 Kd6 62. Ne3 Nc7 63. Nc4+ Ke6 64. Nxb6 Ne8 65. d5+ Kd6 66. Nc4+ Kc5 67. Ke5
Kxc4 68. b6 Kc5 69. b7 Nf6 70. Kxf6 1-0

[Event "40th Annual World Open"]
[Site "Philadelphia USA"]
[Date "2012.07.03"]
[Round "2"]
[White "Arias Santana, Mauricio"]
[Black "Iturrizaga, Eduardo"]
[Result "0-1"]
[WhiteTitle "IM"]
[BlackTitle "GM"]
[WhiteElo "2316"]
[BlackElo "2628"]
[WhiteFideId "6500366"]
[BlackFideId "3901211"]
[EventDate "2012.07.03"]
[EventType "swiss"]

1. Nf3 Nf6 2. c4 c5 3. Nc3 g6 4. d4 cxd4 5. Nxd4 Nc6 6. e4 d6 7. Be2 Nxd4 8.
Qxd4 Bg7 9. Be3 O-O 10. Qd2 a5 11. Rc1 a4 12. f3 Qa5 13. Rc2 Nd7 14. Nd5 Re8 15.
O-O Nc5 16. Rd1 f5 17. Qxa5 Rxa5 18. exf5 Bxf5 19. Rcd2 Kf7 20. Bd4 Bxd4+ 21.
Rxd4 Rc8 22. Bf1 g5 23. R4d2 Nd7 24. Ne3 Be6 25. Rd4 Rc6 26. Nd5 Ne5 27. h4 h6
28. hxg5 hxg5 29. Be2 Bxd5 30. Rxd5 Rxd5 31. Rxd5 Rb6 32. Rd2 Rb4 33. Rc2 Nc6
34. Bd3 Ne5 35. Be2 e6 36. Kf2 d5 37. cxd5 exd5 38. Ke3 Ke6 39. Kd2 Kd6 40. Kc1
Rh4 41. Bb5 d4 42. Kd2 Rh2 43. Kd1 Kd5 44. Rd2 Kc5 45. Bf1 Rh1 46. Rc2+ Kd5 47.
Ke1 d3 48. Rd2 Kd4 49. Kf2 Rxf1+ 50. Kxf1 Nc4 51. Rd1 Nxb2 52. Rb1 a3 53. g3 d2
54. Ke2 Kc3 55. Rd1 Nxd1 56. Kxd1 b5 0-1

[Event "40th Annual World Open"]
[Site "Philadelphia USA"]
[Date "2012.07.03"]
[Round "2"]
[White "Erenburg, Sergey"]
[Black "Shankland, Samuel L"]
[Result "1/2-1/2"]
[WhiteTitle "GM"]
[BlackTitle "GM"]
[WhiteElo "2624"]
[BlackElo "2579"]
[WhiteFideId "2805642"]
[BlackFideId "2004887"]
[EventDate "2012.07.03"]
[EventType "swiss"]

1. e4 c5 2. Nf3 e6 3. d4 cxd4 4. Nxd4 Nc6 5. Nc3 Qc7 6. Be3 Nf6 7. f3 a6 8. Qd2
Ne5 9. Nb3 b5 10. Qd4 Nc6 11. Qb6 Qxb6 12. Bxb6 Rb8 13. Bc7 Rb7 14. Bg3 d5 15.
exd5 Nb4 16. O-O-O Nfxd5 17. Nxd5 Nxd5 18. Na5 Rd7 19. c4 Ne3 20. Rxd7 Bxd7 21.
cxb5 axb5 22. Nb7 Bc6 23. Na5 Bd7 24. Nb7 Bc6 25. Na5 1/2-1/2

[Event "40th Annual World Open"]
[Site "Philadelphia USA"]
[Date "2012.07.03"]
[Round "2"]
[White "Castaneda, Nelson"]
[Black "Helfst, Matt D"]
[Result "1-0"]
[WhiteTitle "FM"]
[WhiteElo "2266"]
[BlackElo "1948"]
[WhiteFideId "2011549"]
[BlackFideId "2044102"]
[EventDate "2012.07.03"]
[EventType "swiss"]

1. Nf3 d5 2. d4 Nf6 3. c4 e6 4. g3 c6 5. Bg2 Be7 6. O-O O-O 7. Nc3 Nbd7 8. Qd3
b6 9. cxd5 cxd5 10. Bf4 Nh5 11. Bd2 Bb7 12. Rac1 Rc8 13. Ne5 Bd6 14. f4 f5 15.
Nb5 Rxc1 16. Rxc1 Ba6 17. Nc6 Bxb5 18. Qxb5 Qe8 19. Nxa7 Qf7 20. Nc8 Bb8 21. Bb4
Re8 22. Ne7+ Rxe7 23. Qxd7 Rxd7 24. Rc8+ 1-0

[Event "40th Annual World Open"]
[Site "Philadelphia USA"]
[Date "2012.07.03"]
[Round "2"]
[White "Llopis de Aysa, Manuel"]
[Black "Ortiz, Nadya Karolina"]
[Result "1-0"]
[BlackTitle "WGM"]
[WhiteElo "2153"]
[BlackElo "2230"]
[WhiteFideId "2203162"]
[BlackFideId "4401778"]
[EventDate "2012.07.03"]
[EventType "swiss"]

1. d4 Nf6 2. Bg5 c5 3. d5 Ne4 4. Bf4 Qb6 5. Bc1 e5 6. f3 Nf6 7. e4 d6 8. Nd2 g6
9. Nc4 Qd8 10. a4 Bg7 11. Bg5 h6 12. Be3 Na6 13. Qd2 Nc7 14. Bd3 b6 15. Ne2 Rb8
16. O-O a6 17. Ng3 b5 18. axb5 axb5 19. Na5 Bd7 20. b4 c4 21. Be2 h5 22. Bg5 O-O
23. f4 exf4 24. Qxf4 Nce8 25. Rf2 Qb6 26. Rf1 Bg4 27. Nc6 Rb7 28. h3 Bxe2 29.
Nxe2 Kh7 30. Kh1 Ng8 31. Qg3 Bh6 32. Bxh6 Nxh6 33. Ned4 Rg8 34. Qh4 Ng7 35. Qf6
Qc7 36. Ra1 Re8 37. Qf4 f5 38. exf5 Nhxf5 39. Nxf5 Nxf5 40. g4 Ng7 41. Raf1 Qb6
42. Rf3 Ne6 43. Qf6 Rg7 44. gxh5 gxh5 45. Rf5 Kg8 46. Rxh5 Qe3 47. Qh4 1-0

[Event "40th Annual World Open"]
[Site "Philadelphia USA"]
[Date "2012.07.04"]
[Round "1"]
[White "Korley, Kassa"]
[Black "Gupta, Abhijeet"]
[Result "0-1"]
[WhiteTitle "FM"]
[BlackTitle "GM"]
[WhiteElo "2298"]
[BlackElo "2627"]
[WhiteFideId "2033801"]
[BlackFideId "5010608"]
[EventDate "2012.07.03"]
[EventType "swiss"]

1. d4 Nf6 2. c4 g6 3. Nc3 d5 4. cxd5 Nxd5 5. e4 Nxc3 6. bxc3 Bg7 7. Nf3 c5 8.
Rb1 O-O 9. Be2 b6 10. O-O Qc7 11. Bg5 e6 12. d5 exd5 13. exd5 Bf5 14. Bd3 Bxd3
15. Qxd3 c4 16. Qd2 Nd7 17. Bh6 Qd6 18. Bxg7 Kxg7 19. Qd4+ Nf6 20. Rfd1 Rac8 21.
a4 Rfe8 22. a5 Rc5 23. axb6 Rxd5 24. Qxd5 Nxd5 25. Rb5 axb6 26. Rdxd5 Qa3 27. h4
Qc1+ 28. Kh2 Re2 0-1

[Event "40th Annual World Open"]
[Site "Philadelphia USA"]
[Date "2012.07.04"]
[Round "1"]
[White "Romanov, Evgeny"]
[Black "Santarius, Erik F"]
[Result "1-0"]
[WhiteTitle "GM"]
[WhiteElo "2623"]
[BlackElo "2297"]
[WhiteFideId "4148843"]
[BlackFideId "2025817"]
[EventDate "2012.07.03"]
[EventType "swiss"]

1. c4 e6 2. g3 d5 3. Bg2 Nf6 4. Nf3 Be7 5. d4 O-O 6. Qc2 dxc4 7. Qxc4 a6 8. Bf4
Nd5 9. Bd2 b5 10. Qc1 Bb7 11. Ne5 c5 12. dxc5 Qc7 13. Nd3 Nb4 14. Bxb7 Nxd3+ 15.
exd3 Qxb7 16. O-O Qd5 17. Be3 Nc6 18. Nc3 Qxd3 19. Qb1 Ne5 20. Rd1 Qxb1 21.
Raxb1 Nc4 22. Bd4 Rfd8 23. b4 a5 24. Nxb5 axb4 25. c6 Ra5 26. c7 Rc8 27. Bc5 Bf6
28. Rxb4 Na3 29. Na7 Rxc5 30. Rb8 1-0

[Event "40th Annual World Open"]
[Site "Philadelphia USA"]
[Date "2012.07.04"]
[Round "1"]
[White "Kleinman, Michael"]
[Black "Kacheishvili, Giorgi"]
[Result "1/2-1/2"]
[WhiteTitle "FM"]
[BlackTitle "GM"]
[WhiteElo "2293"]
[BlackElo "2605"]
[WhiteFideId "2609479"]
[BlackFideId "13600613"]
[EventDate "2012.07.03"]
[EventType "swiss"]

1. e4 c6 2. d4 d5 3. exd5 cxd5 4. c4 Nf6 5. Nc3 Nc6 6. Bg5 dxc4 7. Bxc4 h6 8.
Bh4 e6 9. Nf3 Be7 10. O-O O-O 11. a3 b6 12. Qd3 Bb7 13. Rad1 Nh5 14. Bg3 Nxg3
15. hxg3 Bf6 16. Rfe1 Ne7 17. Ne5 Rc8 18. Bb3 Rc7 19. Ng4 Nf5 20. Rxe6 fxe6 21.
Qxf5 Kh8 22. Qd3 e5 23. d5 e4 24. Nxe4 Bxb2 25. d6 Rd7 26. Bc2 g6 27. Nc3 Bxa3
28. Qxg6 Qg5 29. Qe6 Rg7 30. Ne5 Bc5 31. Ng6+ Rxg6 32. Qxg6 Qxg6 33. Bxg6 Rxf2
34. Kh2 Bxg2 35. d7 Bd5+ 36. Kh3 Be6+ 37. g4 Bxd7 38. Rxd7 Rf3+ 39. Kg2 Rxc3 40.
Rxa7 Kg8 41. Rb7 Re3 42. Kf1 Re5 43. Kg2 Re3 44. Bh5 Rc3 45. Bg6 Bd4 46. Bh5 Kh8
47. Bg6 Rb3 48. Rh7+ Kg8 49. Bf7+ Kxh7 50. Bxb3 b5 51. Kf3 Kg6 52. Ke4 Bc5 53.
Kd3 1/2-1/2

[Event "40th Annual World Open"]
[Site "Philadelphia USA"]
[Date "2012.07.04"]
[Round "1"]
[White "Gelashvili, Tamaz"]
[Black "Homa, Seth"]
[Result "1-0"]
[WhiteTitle "GM"]
[BlackTitle "FM"]
[WhiteElo "2604"]
[BlackElo "2283"]
[WhiteFideId "13600702"]
[BlackFideId "2031779"]
[EventDate "2012.07.03"]
[EventType "swiss"]

1. e4 c5 2. b3 Nc6 3. Bb2 e6 4. Nf3 a6 5. d4 cxd4 6. Nxd4 Qf6 7. Be2 Bc5 8. c3
Qg6 9. O-O Qxe4 10. Nd2 Qf4 11. g3 Qc7 12. Ne4 Be7 13. c4 Nf6 14. Nxc6 bxc6 15.
Bxf6 Bxf6 16. Nd6+ Ke7 17. c5 a5 18. Rc1 Be5 19. Qd2 h6 20. Rcd1 Rd8 21. Bh5 Rf8
22. Rfe1 Bf6 23. h4 Rb8 24. Re3 Ba6 25. Rf3 Rb4 26. Rxf6 gxf6 27. Qxh6 Qa7 28.
Qg7 Qxc5 29. Nxf7 Rd4 30. Nd6+ 1-0

[Event "40th Annual World Open"]
[Site "Philadelphia USA"]
[Date "2012.07.04"]
[Round "1"]
[White "Shulman, Yuri"]
[Black "Tuhrim, Richard"]
[Result "1-0"]
[WhiteTitle "GM"]
[WhiteElo "2588"]
[BlackElo "2268"]
[WhiteFideId "13500520"]
[BlackFideId "2026350"]
[EventDate "2012.07.03"]
[EventType "swiss"]

1. d4 d5 2. c4 c6 3. Nf3 Nf6 4. e3 g6 5. Nc3 Bg7 6. Be2 O-O 7. O-O Bg4 8. cxd5
cxd5 9. Qb3 b6 10. h3 Bxf3 11. Bxf3 e6 12. Bd2 Nc6 13. Qa4 Qd7 14. Rfc1 Na5 15.
b3 Rfc8 16. Qxd7 Nxd7 17. Be2 a6 18. Na4 Nc6 19. Rc2 b5 20. Rac1 bxa4 21. Rxc6
Rxc6 22. Rxc6 axb3 23. axb3 Rb8 24. Bd1 Ra8 25. Ba5 Bf8 26. Kf1 Nf6 27. f3 Be7
28. Ke1 Nd7 29. Kd2 e5 30. Be2 exd4 31. exd4 Bg5+ 32. Kc2 Re8 33. Bxa6 Kg7 34.
Rc8 Re6 35. Bb5 Nf8 36. Rc5 Rd6 37. Bc7 1-0

[Event "40th Annual World Open"]
[Site "Philadelphia USA"]
[Date "2012.07.04"]
[Round "1"]
[White "Harmon, Luke"]
[Black "Ramirez, Alejandro"]
[Result "1-0"]
[BlackTitle "GM"]
[WhiteElo "2265"]
[BlackElo "2576"]
[WhiteFideId "2030012"]
[BlackFideId "6500617"]
[EventDate "2012.07.03"]
[EventType "swiss"]

1. d4 g6 2. c4 Bg7 3. Nc3 d6 4. e4 e5 5. Be3 exd4 6. Bxd4 Nf6 7. f3 Nc6 8. Be3
O-O 9. Nge2 Ne5 10. Nd4 a6 11. Be2 c5 12. Nc2 Be6 13. b3 Ne8 14. Qd2 Qa5 15. Nd5
Qxd2+ 16. Bxd2 b5 17. O-O Rb8 18. Rab1 f5 19. Nce3 fxe4 20. fxe4 Nf6 21. Nc7 Bc8
22. cxb5 Nxe4 23. Rxf8+ Bxf8 24. bxa6 Nxd2 25. a7 Ra8 26. Nxa8 Nxb1 27. Nb6 Bb7
28. Ba6 Nc6 29. Bxb7 Nxa7 30. a4 Na3 31. Nbd5 Kf7 32. Kf1 Ke6 33. Ke2 Bg7 34.
Kd3 Kd7 35. Ng4 h5 36. Ngf6+ Ke6 37. Ne4 Be5 38. g3 Kd7 39. Nf4 Nc6 40. Bxc6+
Kxc6 41. Nxg6 Bd4 42. Nf4 d5 43. Nd2 h4 44. gxh4 Be5 45. Ng6 Bxh2 46. h5 Bc7 47.
h6 Bd8 48. Ne5+ Kc7 49. Ng4 1-0

[Event "40th Annual World Open"]
[Site "Philadelphia USA"]
[Date "2012.07.04"]
[Round "1"]
[White "Shabalov, Alexander"]
[Black "Fikiet, Alex M"]
[Result "1-0"]
[WhiteTitle "GM"]
[WhiteElo "2534"]
[BlackElo "2243"]
[WhiteFideId "2008572"]
[BlackFideId "2052717"]
[EventDate "2012.07.03"]
[EventType "swiss"]

1. c4 c5 2. Nf3 Nc6 3. d4 cxd4 4. Nxd4 Nf6 5. g3 e5 6. Nb5 Bb4+ 7. N1c3 O-O 8.
a3 Be7 9. Nd5 Nxd5 10. cxd5 Qa5+ 11. Nc3 Nd4 12. e3 Nf5 13. Bg2 Nd6 14. O-O f5
15. e4 fxe4 16. Nxe4 Nxe4 17. Bxe4 d6 18. Qd3 h6 19. Be3 Qd8 20. Rfc1 Bg4 21.
Rc3 Qe8 22. Rc7 b6 23. Rac1 Bd8 24. Bg6 Qa4 25. Bh7+ Kh8 26. Rxg7 Bf5 27. Bxf5
Kxg7 28. Rc4 Qe8 29. Bxh6+ Kxh6 30. Qe3+ Bg5 31. Rh4+ Qh5 32. Rxh5+ Kxh5 33. g4+
Kh6 34. Qh3+ 1-0

[Event "40th Annual World Open"]
[Site "Philadelphia USA"]
[Date "2012.07.04"]
[Round "1"]
[White "Barrett, Stephen J"]
[Black "Arnold, Marc T"]
[Result "0-1"]
[BlackTitle "IM"]
[WhiteElo "2233"]
[BlackElo "2529"]
[WhiteFideId "408727"]
[BlackFideId "2022320"]
[EventDate "2012.07.03"]
[EventType "swiss"]

1. d4 Nf6 2. c4 e6 3. Nc3 Bb4 4. Qc2 d6 5. Nf3 Nc6 6. Bg5 h6 7. Bd2 O-O 8. a3
Bxc3 9. Bxc3 Qe7 10. e4 e5 11. d5 Nb8 12. Be2 Nh7 13. g3 a5 14. Nh4 a4 15. O-O
Bh3 16. Nf5 Bxf5 17. exf5 Nd7 18. Rae1 Rfe8 19. Bd3 Qg5 20. h4 Qd8 21. Be4 Nc5
22. f3 Nf6 23. Kg2 Qd7 24. Qe2 Nh5 25. Bd2 Qd8 26. Kh3 Rb8 27. g4 Nf4+ 28. Bxf4
exf4 29. Qh2 b5 30. Qxf4 bxc4 31. g5 h5 32. f6 Rxb2 33. g6 Nxe4 34. gxf7+ Kxf7
35. fxe4 Qd7+ 36. Kg3 Rb3+ 37. Rf3 Qg4+ 38. Qxg4 hxg4 39. Kxg4 gxf6 40. Kf4 f5
41. Ree3 Re5 42. h5 fxe4 43. Rxe4 Rxe4+ 44. Kxe4+ Kg7 45. h6+ Kxh6 46. Rf7 Rxa3
47. Rxc7 Rh3 48. Kd4 c3 49. Kc4 Kg6 50. Kb4 Kf6 51. Kxa4 Ke5 52. Kb3 Kxd5 53.
Rg7 Kd4 54. Rg4+ Kd3 55. Rg5 Ke4 56. Rg4+ Kf5 57. Rg8 d5 58. Rf8+ Ke4 59. Re8+
Kd3 60. Rd8 d4 0-1

[Event "40th Annual World Open"]
[Site "Philadelphia USA"]
[Date "2012.07.04"]
[Round "1"]
[White "Williams, Justus D"]
[Black "Liu, Qingnan"]
[Result "1/2-1/2"]
[BlackTitle "IM"]
[WhiteElo "2216"]
[BlackElo "2509"]
[WhiteFideId "2049929"]
[BlackFideId "8603294"]
[EventDate "2012.07.03"]
[EventType "swiss"]

1. Nf3 d6 2. c4 g6 3. g3 Bg7 4. Bg2 Nc6 5. O-O Nf6 6. Nc3 O-O 7. d3 a6 8. Rb1
Nh5 9. Bd2 f5 10. b4 e5 11. b5 axb5 12. cxb5 Na5 13. Qc1 d5 14. e4 dxe4 15. dxe4
Be6 16. Rd1 Qf6 17. Bg5 Qf7 18. Bh6 fxe4 19. Nxe4 Bxa2 20. Rb2 Bb3 21. Bxg7 Qxg7
22. Rd3 Be6 23. Rc3 c6 24. bxc6 bxc6 25. Nc5 Bf5 26. h3 Nf6 27. g4 Bc8 28. Ra3
Nd5 29. Rba2 h5 30. Qg5 hxg4 31. hxg4 Rb8 32. Rxa5 Rb1+ 33. Kh2 Rxf3 34. Bxf3
Qh8+ 35. Kg3 Rg1+ 36. Bg2 Rxg2+ 37. Kxg2 Nf4+ 38. Kf3 Qh1+ 39. Ke3 Qe1+ 40. Kf3
Qd1+ 41. Kg3 Qg1+ 42. Kf3 Qd1+ 43. Ke3 Qe1+ 44. Kf3 Qc3+ 45. Ke4 Qd4+ 46. Kf3
Qd1+ 47. Kg3 Qg1+ 48. Kf3 Qd1+ 49. Kg3 Qg1+ 1/2-1/2

[Event "40th Annual World Open"]
[Site "Philadelphia USA"]
[Date "2012.07.04"]
[Round "1"]
[White "Molner, Mackenzie"]
[Black "Colas, Joshua"]
[Result "1-0"]
[WhiteTitle "IM"]
[WhiteElo "2479"]
[BlackElo "2126"]
[WhiteFideId "2021722"]
[BlackFideId "2044447"]
[EventDate "2012.07.03"]
[EventType "swiss"]

1. e4 c5 2. Nf3 e6 3. d4 cxd4 4. Nxd4 a6 5. Bd3 Bc5 6. Nb3 Ba7 7. O-O d6 8. Qe2
Nf6 9. Be3 Bxe3 10. Qxe3 Nbd7 11. c4 O-O 12. Nc3 Qb6 13. Qxb6 Nxb6 14. Rfd1 Nbd7
15. Be2 Nc5 16. Nxc5 dxc5 17. e5 Nd7 18. f4 f6 19. Bg4 Re8 20. Rd6 Kf7 21. Ne4
Re7 22. Rad1 h6 23. R6d3 f5 24. Nd6+ Kf8 25. Bh5 g6 26. Bxg6 Nb6 27. Rh3 Kg7 28.
Rg3 Kf8 29. Bh5 Bd7 30. Rg6 Rh7 31. Bf3 Rb8 32. Rf6+ Kg8 33. Nxf5 1-0

[Event "40th Annual World Open"]
[Site "Philadelphia USA"]
[Date "2012.07.04"]
[Round "1"]
[White "Thaler, Michael"]
[Black "Sethuraman, S.P."]
[Result "0-1"]
[BlackTitle "GM"]
[WhiteElo "2243"]
[BlackElo "2535"]
[WhiteFideId "2022141"]
[BlackFideId "5021596"]
[EventDate "2012.07.03"]
[EventType "swiss"]

1. e4 c5 2. Nf3 e6 3. d3 Nc6 4. g3 d5 5. Nbd2 Bd6 6. Bg2 Nge7 7. O-O O-O 8. Nh4
b6 9. f4 dxe4 10. dxe4 Ba6 11. Re1 Bc7 12. c3 Qd7 13. Bf1 Bxf1 14. Nxf1 Rad8 15.
Be3 Na5 16. Qxd7 Rxd7 17. Rad1 Rfd8 18. Rxd7 Rxd7 19. Kf2 f6 20. Nf3 Kf7 21. Ke2
h6 22. Bc1 Nac6 23. Ne3 g5 24. fxg5 hxg5 25. Rf1 Kg7 26. h4 gxh4 27. gxh4 Ng6
28. Ng2 Nce5 29. h5 Nf8 30. Nxe5 Bxe5 31. Ne3 Nh7 32. Ng4 Bc7 33. Bh6+ Kf7 34.
Nxf6 Nxf6 35. Bg5 Be5 36. Bxf6 Bxf6 37. e5 Rd5 38. Rxf6+ Ke7 39. Rh6 Rxe5+ 40.
Kd3 Rd5+ 41. Ke3 Re5+ 42. Kd3 b5 43. b3 Rd5+ 44. Kc2 a6 45. a4 bxa4 46. bxa4 c4
47. Rh7+ Kf6 48. h6 Rh5 49. Kd2 Ke5 50. Rc7 Rh2+ 51. Ke3 Rh3+ 52. Kd2 Kd5 53.
Rd7+ Kc6 54. Rh7 e5 55. Ra7 Kb6 56. Re7 Ka5 57. Re6 Rh2+ 58. Ke3 Kxa4 59. Rxa6+
Kb3 60. Ke4 Rh5 61. Kd5 Kxc3 62. Rc6 Kd3 63. Rg6 e4+ 64. Ke6 e3 65. Kf7 e2 66.
Rd6+ Kc2 67. Re6 Rxh6 68. Rxe2+ Kd3 0-1

[Event "40th Annual World Open"]
[Site "Philadelphia USA"]
[Date "2012.07.04"]
[Round "1"]
[White "Leve, Nitai D"]
[Black "Ludwig, Daniel"]
[Result "0-1"]
[BlackTitle "IM"]
[WhiteElo "2134"]
[BlackElo "2482"]
[WhiteFideId "2006898"]
[BlackFideId "2024322"]
[EventDate "2012.07.03"]
[EventType "swiss"]

1. e4 c5 2. Nf3 d6 3. d4 cxd4 4. Qxd4 a6 5. c4 Nc6 6. Qe3 g6 7. Be2 Bg7 8. O-O
Nf6 9. h3 O-O 10. Nc3 a5 11. Rd1 Nd7 12. Rb1 Nc5 13. b3 f5 14. Ba3 Nb4 15. e5 f4
16. Qc1 Bf5 17. Rb2 Ncd3 18. Bxd3 Nxd3 19. Rxd3 Bxd3 20. exd6 e5 21. Nd2 b5 22.
Nxb5 e4 23. Nc7 f3 24. Nf1 fxg2 25. Kxg2 Qh4 26. Ng3 Be5 27. Nxa8 Rxf2+ 28. Rxf2
Qxg3+ 29. Kh1 Qxf2 30. Qg1 e3 0-1

[Event "40th Annual World Open"]
[Site "Philadelphia USA"]
[Date "2012.07.05"]
[Round "2"]
[White "Molner, Mackenzie"]
[Black "Hess, Robert L"]
[Result "1/2-1/2"]
[WhiteTitle "IM"]
[BlackTitle "GM"]
[WhiteElo "2479"]
[BlackElo "2639"]
[WhiteFideId "2021722"]
[BlackFideId "2022036"]
[EventDate "2012.07.03"]
[EventType "swiss"]

1. e4 e5 2. Nf3 Nc6 3. Bc4 Bc5 4. b4 Bxb4 5. c3 Bd6 6. d4 Qe7 7. O-O Nf6 8. Re1
O-O 9. Bg5 Na5 10. Nbd2 b6 11. Bd3 h6 12. Bh4 Bb7 13. Nf1 Qe6 14. d5 Qe7 15. Ne3
Qd8 16. Ng4 Be7 17. Bxf6 Bxf6 18. Nfxe5 Be7 19. Nxh6+ gxh6 20. Qg4+ Kh8 21. Qh5
Bg5 22. h4 Qe8 23. Nxd7 Qxd7 24. hxg5 f6 25. Qxh6+ Qh7 26. Qxh7+ Kxh7 27. gxf6
Kg8 28. f4 Rxf6 29. f5 Rh6 30. c4 Ba6 31. Rac1 c6 32. Bf1 Rd8 33. Kf2 Rh1 34.
Rc3 Kf7 35. Rg3 Bxc4 36. Bxc4 Rxe1 37. Kxe1 Nxc4 38. dxc6 Rc8 39. Rh3 Nd6 40.
Rh7+ Kg8 41. Re7 Kf8 42. Re6 Nb5 43. Rh6 Kg7 44. Rg6+ Kf7 45. e5 Nd4 46. e6+ Kf8
47. Rg4 Nxf5 48. Rf4 Rxc6 49. Rxf5+ Ke7 50. Rf7+ Kxe6 51. Rxa7 Rc2 52. Kf1 b5
53. Kg1 Kf5 54. Kh2 Kg4 55. Ra5 Rb2 1/2-1/2

[Event "40th Annual World Open"]
[Site "Philadelphia USA"]
[Date "2012.07.05"]
[Round "2"]
[White "Gupta, Abhijeet"]
[Black "Bartell, Thomas"]
[Result "1/2-1/2"]
[WhiteTitle "GM"]
[BlackTitle "FM"]
[WhiteElo "2627"]
[BlackElo "2410"]
[WhiteFideId "5010608"]
[BlackFideId "2017849"]
[EventDate "2012.07.03"]
[EventType "swiss"]

1. d4 Nf6 2. c4 e6 3. Nc3 Bb4 4. Qc2 Nc6 5. Nf3 d6 6. Bg5 h6 7. Bd2 O-O 8. a3
Bxc3 9. Bxc3 Qe7 10. e3 e5 11. d5 Nb8 12. Be2 Nbd7 13. O-O a5 14. b4 axb4 15.
axb4 Rxa1 16. Rxa1 b5 17. e4 bxc4 18. Be1 Nb6 19. Nd2 Bd7 20. Nxc4 Nxc4 21. Qxc4
Rc8 22. Ra7 Qd8 23. b5 Ne8 24. Ba5 Ra8 25. Rxa8 1/2-1/2

[Event "40th Annual World Open"]
[Site "Philadelphia USA"]
[Date "2012.07.05"]
[Round "2"]
[White "Deepan, Chakkravarthy J."]
[Black "Romanov, Evgeny"]
[Result "1/2-1/2"]
[WhiteTitle "GM"]
[BlackTitle "GM"]
[WhiteElo "2468"]
[BlackElo "2623"]
[WhiteFideId "5011132"]
[BlackFideId "4148843"]
[EventDate "2012.07.03"]
[EventType "swiss"]

1. Nf3 Nf6 2. c4 c5 3. g3 b6 4. Bg2 Bb7 5. O-O g6 6. b3 Bg7 7. Bb2 O-O 8. Nc3 d6
9. d4 cxd4 10. Nxd4 Bxg2 11. Kxg2 Qc8 12. e4 Qb7 13. Qe2 a6 14. f3 Nbd7 15. Rad1
Rfe8 16. Rf2 e6 17. Qf1 d5 18. cxd5 exd5 19. Nxd5 Nxd5 20. exd5 Qxd5 21. Nb5 1/2-1/2

[Event "40th Annual World Open"]
[Site "Philadelphia USA"]
[Date "2012.07.05"]
[Round "2"]
[White "Romanenko, Vladimir"]
[Black "Gelashvili, Tamaz"]
[Result "1-0"]
[WhiteTitle "GM"]
[BlackTitle "GM"]
[WhiteElo "2463"]
[BlackElo "2604"]
[WhiteFideId "13502921"]
[BlackFideId "13600702"]
[EventDate "2012.07.03"]
[EventType "swiss"]

1. e4 c5 2. Nf3 d6 3. d4 cxd4 4. Nxd4 Nf6 5. Nc3 g6 6. Be3 Bg7 7. f3 Nc6 8. Qd2
O-O 9. O-O-O d5 10. Qe1 e5 11. Nxc6 bxc6 12. exd5 Nxd5 13. Bc4 Be6 14. h4 Qc7
15. Nxd5 cxd5 16. Bxd5 Bxd5 17. Rxd5 Qc4 18. Qd2 Qxa2 19. Qa5 Qc4 20. b3 Qc6 21.
h5 e4 22. fxe4 Rac8 23. Bc5 Rfe8 24. Rhd1 Qf6 25. e5 Qg5+ 26. Kb1 Bxe5 27. hxg6
hxg6 28. Qd2 Qg3 29. Rd3 Qg4 30. Bxa7 Bc3 31. Rxc3 Rxc3 32. Rh1 Rcc8 33. Bd4 f6
34. Bxf6 Kf7 35. Bb2 g5 36. Qd5+ Kg6 37. Qb7 Kf5 38. Qf7+ 1-0

[Event "40th Annual World Open"]
[Site "Philadelphia USA"]
[Date "2012.07.05"]
[Round "2"]
[White "Kolev, Atanas"]
[Black "Shahade, Gregory"]
[Result "1/2-1/2"]
[WhiteTitle "GM"]
[BlackTitle "IM"]
[WhiteElo "2604"]
[BlackElo "2462"]
[WhiteFideId "2900130"]
[BlackFideId "2009064"]
[EventDate "2012.07.03"]
[EventType "swiss"]

1. d4 Nf6 2. Nf3 g6 3. Bg5 Bg7 4. Nbd2 O-O 5. c3 d6 6. e4 c5 7. dxc5 dxc5 8. Bc4
Nc6 9. Qe2 Qc7 10. O-O Na5 11. Bd3 Be6 12. Nc4 Nxc4 13. Bxc4 Bxc4 14. Qxc4 h6
15. Bxf6 Bxf6 16. e5 Bxe5 17. Nxe5 Qxe5 18. Rfe1 Qc7 19. Qh4 e6 20. Qxh6 Rfd8
21. Re3 Qd6 22. h4 Qf8 23. Qg5 Rd5 24. Re5 Qd8 25. Rxd5 Qxd5 26. Qxd5 exd5 27.
Rd1 Rd8 28. g4 f6 29. Kg2 Kf7 30. Kf3 Ke6 31. Re1+ Kf7 1/2-1/2

[Event "40th Annual World Open"]
[Site "Philadelphia USA"]
[Date "2012.07.05"]
[Round "2"]
[White "Bercys, Salvijus"]
[Black "Shulman, Yuri"]
[Result "1/2-1/2"]
[WhiteTitle "IM"]
[BlackTitle "GM"]
[WhiteElo "2429"]
[BlackElo "2588"]
[WhiteFideId "12802212"]
[BlackFideId "13500520"]
[EventDate "2012.07.03"]
[EventType "swiss"]

1. d4 Nf6 2. c4 g6 3. Nc3 Bg7 4. e4 d6 5. Nf3 O-O 6. Be2 e5 7. O-O Nc6 8. d5 Ne7
9. b4 Nh5 10. Re1 f5 11. Ng5 Nf6 12. Bf3 c6 13. b5 h6 14. Ne6 Bxe6 15. dxe6 fxe4 1/2-1/2